000 00930cam a22002054a 4500
005 20250605164225.0
008 250528s ||||||||||||||||||||||||d
035 _a20840
020 _a9780194002028
040 _aGR-AtMCL
_bgre
_dGR-AtMCL
_eAACR2
245 1 _aOxford EAP / A course in English for Academic Purposes Upper - Intermediate B1+ - Teacher's Handbook
260 _bOxford University Press,
_c2013
300 _a128
520 _aUpper- Intermediate/ B1+ - Intergraded skills & language - Authentic Academic texts - Incudes CD-ROM. Course Introduction, Teaching Notes and Answers and Suggestions for Extension Tasks and Further Practice, Knowledge, Organization, Motivation, Nature, Power, Growth, Networks, Innovation, Consumption, Crime, Energy, Progress, Audio CD Track Listing Page.
700 1 _aChazal Edward
_96812
700 1 _aRogers Louis
_96814
942 _cBK
999 _c5922
_d5922